| 000 | 01123nam0a2200289 4500 | ||
|---|---|---|---|
| 001 | RU\NLR\BIBL_A\010561549 | ||
| 005 | 20250614071734.0 | ||
| 010 |
_a978-5-7696-3771-1 _94000 |
||
| 021 |
_aRU _b2014-74869 _94586 |
||
| 035 | _a(NLR Aleph) 010561549 | ||
| 090 |
_a10382689 _c10382689 |
||
| 100 | _a20141210d2014 |||y0rusy50 ca | ||
| 101 | 0 | _asah | |
| 102 | _aRU | ||
| 105 | _aa z 000yy | ||
| 200 | 1 |
_aБылыргы былдьаһыктаах дьыллартан...: Саха боотурун сэбэ-сэбиргэлэ _fН. Н. Аржаков-Боло Уус |
|
| 210 |
_aДьокуускай _cБичик _d2014 |
||
| 215 |
_a94,[2] с., [16] л. ил. _cил. _d21 |
||
| 320 | _aБиблиогр. в конце разд. | ||
| 541 | 1 |
_aНеизведанная тайна предков...: доспехи боотура _zrus |
|
| 606 | 1 |
_aДоспехи _92310574 _3RU\NLR\AUTH\661382866 |
|
| 686 | 1 | _aТ4(2Р54-6Я)-411 | |
| 700 | 1 |
_aАржаков _bН. Н. _gНиколай Николаевич _4070 |
|
| 852 |
_aNLR _bОНЛ _jЯкут./3-2927 |
||
| 942 | _cBOOK | ||
| 980 | _aNB | ||